| 000 | 00566nam a22001937a 4500 | ||
|---|---|---|---|
| 999 |
_c5624 _d5624 |
||
| 003 | AR-CdUCM | ||
| 008 | 190312b ||||| |||| 00| 0 spa d | ||
| 040 |
_aMUNICIPALIDAD PROVINCIAL DEL CUSCO _cBIBLIOTECA MUNICIPAL DEL CUSCO |
||
| 082 |
_a891.7 / _bAN59 |
||
| 100 |
_aAndreiev, Leonidas _916815 |
||
| 245 | _aHacia las estrellas / | ||
| 260 |
_aMadrid : _bBiblioteca Nueva, |
||
| 300 |
_a144 páginas ; _c17 cm. |
||
| 650 |
_aTeatro _9173 |
||
| 650 |
_a Expresionismo literario _916816 |
||
| 650 |
_aLiteratura rusa _99988 |
||
| 942 |
_2ddc _cLIBROS |
||
| 945 | _azta | ||